Το μυθιστόρημα της πεντάρας
Αποθηκεύτηκε σε:
| Κύριος συγγραφέας: | |
|---|---|
| Μορφή: | Βιβλίο |
| Γλώσσα: | Greek German |
| Δημοσίευση: |
[Αθήνα] :
Εκδοτικός Οργανισμός Πάπυρος,
c1995.
|
| Σειρά: | (Τα αθάνατα έργα της παγκόσμιας λογοτεχνίας ;
5) |
| Θέματα: | |
| Ετικέτες: |
Προσθήκη ετικέτας
Δεν υπάρχουν, Καταχωρήστε ετικέτα πρώτοι!
|
MARC
| LEADER | 00000cam a2200000 a 4500 | ||
|---|---|---|---|
| 001 | 1/123712 | ||
| 008 | 211013s1995####gr | ||| |||| ||gre|| | ||
| 040 | |a GR-MyUa |b gre |c GR-MyUa |e AACR2 | ||
| 041 | 1 | |a gre |h ger | |
| 082 | 7 | |a 833 |2 (23) | |
| 100 | 1 | |a Brecht, Bertolt, |d 1898-1956. | |
| 245 | 1 | 3 | |a Το μυθιστόρημα της πεντάρας / |c Μπέρτολτ Μπρεχτ ; μετάφραση Δ. Διβάρη. |
| 260 | |a [Αθήνα] : |b Εκδοτικός Οργανισμός Πάπυρος, |c c1995. | ||
| 300 | |a 327 σ. ; |c 24 εκ. | ||
| 490 | 0 | |a (Τα αθάνατα έργα της παγκόσμιας λογοτεχνίας ; |v 5) | |
| 650 | 0 | |a German fiction. | |
| 970 | |a Κοντού |b Παρασκευή |z 13/10/2021 | ||